Szczegóły MARC21

Współczesne problemy polityki gospodarczej

005 -DATA I CZAS OSTATNIEJ MODYFIKACJI [,]
    • @
    • pole kontrolne
    • 20070918113035.0
020 -Międzynarod. znormalizowany nr książki - ISBN [ , ]
    • a
    • Numer ISBN
    • 8387249173 Find
040 -Instytucja sporządzająca opis [ , ]
    • a
    • Instytucja, która sporządziła opis (NP)
    • SZCZ U
    • c
    • Instytucja, która sporządziła rekord (NP)
    • SZCZ U
    • d
    • Instytucja, która zmodyfikowała rekord (P)
    • SZCZ U/JŚ
041 -Język dokumentu [0, ]
    • a
    • Język tekstu (P)
    • polski
044 -Kraj miejsca wydania [ , ]
    • a
    • Kraj miejsca wydania
    • Polska
942 -Rodzaj dokumentu [ , ]
    • c
    • Rodzaj dokumentu
    • Książka
100 -Hasło główne - nazwa osobowa [1, ]
    • a
    • Nazwa osobowa (NP)
    • Grzywacz, Waldemar
    • d
    • Daty biograficzne (NP)
    • (1932- ).
    • 9
    • KHW
    • 47027
245 -Strefa tytułu i oznaczenia odpowiedzialności [1,0]
    • a
    • Tytuł
    • Współczesne problemy polityki gospodarczej Find
    • c
    • Pozostałe elementy strefy tytułu i oznaczenia odpowiedzialności (NP)
    • Waldemar Grzywacz ; Polskie Towarzystwo Ekonomiczne w Szczecinie. -
250 -Strefa wydania [ , ]
    • a
    • Oznaczenie wydania (NP)
    • [Wyd.2].
260 -Strefa adresu wydawniczego [ , ]
    • a
    • Miejsce wydania (P)
    • Szczecin :
    • b
    • Nazwa wydawcy (P)
    • Polskie Towarzystwo Ekonomiczne. Oddział w Szczecinie,
    • c
    • Data wydania (P)
    • 2000. -
300 -Strefa opisu fizycznego [ , ]
    • a
    • Określenie formy książki i/lub objętość (NP)
    • 204 s. :
    • b
    • Oznaczenie ilustracji (NP)
    • il. ;
    • c
    • Format (NP)
    • 24 cm.
080 -Uniwersalna Klasyfikacja Dziesiętna [ , ]
    • 2
    • Identyfikator wydania tablic
    • UDC-P058
    • a
    • Symbol klasyfikacji
    • 338.22
    • b
    • Dopowiedzenie
    • Ogólna polityka gospodarcza. Polityka inwestycyjna.
980 -Symbol UKD [ , ]
    • a
    • UKD
    • 338.22
920 -ISBN [ , ]
    • a
    • ISBN
    • 83-87249-17-3 Find
Lokalizacja Data inwentaryzacji Status udost. Numer inwentarzowy Sygnatura
T2001-01-31-3T.4044T.4044
T2001-01-31-3T.4045T.4045
T2001-01-31-6T.4046T.4046
T2001-01-31-3T.4047T.4047
T2001-01-31-3T.4048T.4048
T2001-01-31-6T.4049T.4049
T2001-01-31-3T.4050T.4050
T2001-04-21-3T.5225T.5225
T2001-04-21-3T.5226T.5226
T2001-04-21-3T.5227T.5227
T2001-04-21-3T.5228T.5228
T2001-04-21-3T.5229T.5229
T2001-11-12-3T.5908T.5908
T2001-11-12-3T.5909T.5909
T2001-11-12-3T.5910T.5910
T2001-11-12-3T.5911T.5911
T2001-11-12-3T.5912T.5912
T2001-11-12-6T.5913T.5913
T2001-11-12-3T.5914T.5914
T2001-11-12-3T.5915T.5915
T2001-11-12-3T.5916T.5916
T2001-11-12-3T.5917T.5917
T2002-03-05-6T.6521T.6521
T2002-03-05-3T.6522T.6522
T2007-08-27-3TM.4754TM.4754